George Richmond : a critical biography /

Bibliographic Details
Main Author: Lister, Raymond
Format: Book
Language:English
Published: London : Robin Garton, 1981.
Subjects:

MARC

Tag First Indicator Second Indicator Subfields
LEADER 00000cam a2200000 a 4500
001 in00000521421
005 20151013084311.0
008 820115s1981 uk a b 00110 eng d
035 |a (OCoLC)08065748 
035 |9 ACF5144AM 
040 |a DLH  |c DLH  |d TXA  |d UtOrBLW 
049 |a TXAM  |c [777011] 
090 |a ND497.R47  |b L5 1981 
100 1 |a Lister, Raymond. 
245 1 0 |a George Richmond :  |b a critical biography /  |c Raymond Lister. 
264 1 |a London :  |b Robin Garton,  |c 1981. 
300 |a 181 pages :  |b illustrations (some color) ;  |c 29 cm. 
336 |a text  |b txt  |2 rdacontent 
337 |a unmediated  |b n  |2 rdamedia 
338 |a volume  |b nc  |2 rdacarrier 
504 |a Includes bibliographical notes and index. 
600 1 0 |a Richmond, George,  |d 1809-1896. 
650 0 |a Painters  |z Great Britain. 
650 0 |a Portrait painters  |z Great Britain. 
999 |a MARS 
999 f f |s b67092f9-dc36-35af-9510-2f9d91ec9edf  |i 03226569-9594-334a-b5c3-957e91c04030  |t 0 
952 f f |p ric  |a Texas A&M University  |b Rellis Campus  |c Joint Library Facility  |d Remote Storage  |t 0  |e ND497.R47 L5 1981  |h Library of Congress classification  |i unmediated -- volume  |m A14807995025 
998 f f |a ND497.R47 L5 1981  |t 0  |l Remote Storage